[Event "Godesberg - Plauen"]
[Site "BL 0203"]
[Date "2002.12.15"]
[Round "6.7"]
[White "Haskamp, Stephan"]
[Black "Upleger, Martin"]
[Result "0-1"]
[WhiteElo "2318"]
[BlackElo "2268"]
[PlyCount "74"]
[EventDate "2002.??.??"]

1. e4 c5 2. d3 g6 3. g3 Bg7 4. Bg2 Nc6 5. f4 d6 6. Nf3 e6 7. O-O Nge7 8. c3 O-O
9. Be3 b6 10. Na3 Ba6 11. Nc2 Qd7 12. Re1 f5 13. exf5 gxf5 14. d4 Rad8 15. Bf2
h6 16. Qd2 Nd5 17. dxc5 bxc5 18. Rxe6 Nf6 19. Ree1 Ne4 20. Qd5+ Kh7 21. Rxe4
fxe4 22. Qxe4+ Kg8 23. Qd5+ Kh8 24. Nh4 Ne7 25. Qe4 Rde8 26. Rd1 Bb5 27. Ne3
Bc6 28. Ng6+ Nxg6 29. Qxc6 Qxc6 30. Bxc6 Rd8 31. Nc4 Ne7 32. Bg2 Nc8 33. Bb7
Rd7 34. Bc6 Rdd8 35. Kg2 Bf6 36. h4 Be7 37. Kf3 Nb6 $138 0-1

[Event "Godesberg - Plauen"]
[Site "BL 0203"]
[Date "2002.12.15"]
[Round "6.8"]
[White "Philipowski, Robert"]
[Black "Dirr, Ulrich"]
[Result "1/2-1/2"]
[WhiteElo "2299"]
[BlackElo "2322"]
[PlyCount "30"]
[EventDate "2002.??.??"]

1. e4 e6 2. Nf3 d5 3. Nc3 Nf6 4. e5 Nfd7 5. d4 c5 6. Ne2 Nc6 7. c3 b5 8. Nf4
Qb6 9. h4 cxd4 10. cxd4 Bb4+ 11. Bd2 Be7 12. Be3 Qa5+ 13. Bd2 Qb6 14. Be3 Qa5+
15. Bd2 Qb6 1/2-1/2

[Event "Porz - Erfurt"]
[Site "BL 0203"]
[Date "2002.12.15"]
[Round "6.2"]
[White "Sokolov, Ivan"]
[Black "Votava, Jan"]
[Result "1/2-1/2"]
[WhiteElo "2684"]
[BlackElo "2518"]
[PlyCount "86"]
[EventDate "2002.??.??"]

1. d4 Nf6 2. c4 e6 3. Nc3 d5 4. cxd5 exd5 5. Bg5 Be7 6. e3 h6 7. Bh4 O-O 8. Bd3
b6 9. Nf3 Bb7 10. Qc2 c5 11. O-O Na6 12. a3 Nc7 13. Rad1 c4 14. Bf5 Nce8 15.
Ne5 Nd6 16. Bxf6 Bxf6 17. Bg4 Qe7 18. f4 Rfd8 19. Rf3 b5 20. Rg3 a5 21. Bf3 Qe6
22. Rf1 b4 23. Na4 Qf5 24. Qd1 Ne4 25. Bxe4 dxe4 26. Nb6 Ra6 27. Nbxc4 Bd5 28.
Qa4 Qc8 29. Qb5 Be6 30. f5 Rd5 31. Qa4 Bxf5 32. Rxf5 Bxe5 33. Nxe5 Rxe5 34. Rf1
Re7 35. axb4 axb4 36. Qxb4 Rea7 37. Qd2 Ra2 38. d5 Qc4 39. Rc1 Qd3 40. Qc3 Qxc3
41. bxc3 Rd2 42. c4 Rc7 43. Rg4 f5 1/2-1/2

[Event "Porz - Erfurt"]
[Site "BL 0203"]
[Date "2002.12.15"]
[Round "6.3"]
[White "Casper, Thomas"]
[Black "Andersson, Ulf"]
[Result "1/2-1/2"]
[WhiteElo "2391"]
[BlackElo "2599"]
[PlyCount "173"]
[EventDate "2002.??.??"]

1. e4 c5 2. Nf3 e6 3. d3 Nc6 4. Be2 d5 5. Nbd2 Nf6 6. O-O Bd6 7. Re1 O-O 8. Bf1
e5 9. exd5 Nxd5 10. c3 Re8 11. h3 h6 12. d4 exd4 13. Rxe8+ Qxe8 14. cxd4 Nxd4
15. Nxd4 cxd4 16. Nf3 Bc5 17. Nxd4 Bb6 18. Nf3 Be6 19. b3 Nf6 20. Qe1 Bd5 21.
Bb2 Qxe1 22. Rxe1 Rc8 23. Bd3 Be6 24. Bd4 Bxd4 25. Nxd4 Bd5 26. Nf5 Kf8 27. Ne3
Bc6 28. Bc4 Ne4 29. f3 Nd6 30. Bd3 Rd8 31. Rd1 Nb5 32. Bc4 Rxd1+ 33. Nxd1 Ke7
34. Kf2 Na3 35. Bd3 Kd6 36. Ke3 Kc5 37. Nc3 a6 38. h4 Nb5 39. Kd2 Nd4 40. Ke3
Ne6 41. a3 a5 42. Na2 Kd6 43. Nc3 Ke5 44. Bc4 g5 45. hxg5 hxg5 46. g3 f5 47.
Bxe6 f4+ 48. gxf4+ gxf4+ 49. Kf2 Kxe6 50. b4 axb4 51. axb4 Bd5 52. Ne2 Ke5 53.
Ng1 Bc4 54. Nh3 Be6 55. Ng1 Kf6 56. Ne2 Kg5 57. Nc3 Bc4 58. Ne4+ Kg6 59. Kg2
Bd5 60. Nf2 Be6 61. Nh3 Kf5 62. Kf2 Bd7 63. Ng1 Kg5 64. Ne2 Bb5 65. Nc3 Bd3 66.
Na4 Bc4 67. Nc5 Bd5 68. Nd3 Kf5 69. Kg2 Bc4 70. Nf2 Ke5 71. Nh3 Be6 72. Ng1 Kf6
73. Ne2 Kg5 74. Kf2 Bc4 75. Ng1 Kh4 76. Kg2 Bd3 77. Kf2 b6 78. Kg2 Kg5 79. Kf2
Kf5 80. Nh3 Ke5 81. Ng1 Bc4 82. Nh3 b5 83. Ng1 Kd4 84. Nh3 Kc3 85. Nxf4 Kxb4
86. Ne2 Bd3 87. Nd4 1/2-1/2

[Event "Porz - Erfurt"]
[Site "BL 0203"]
[Date "2002.12.15"]
[Round "6.4"]
[White "Vaganian, Rafael"]
[Black "Paehtz, Thomas"]
[Result "1/2-1/2"]
[WhiteElo "2667"]
[BlackElo "2459"]
[PlyCount "134"]
[EventDate "2002.??.??"]

1. d4 Nf6 2. c4 g6 3. Nc3 Bg7 4. Bg5 d6 5. e3 c6 6. Bd3 O-O 7. Nge2 a6 8. O-O
b5 9. cxb5 cxb5 10. a4 b4 11. Bxf6 Bxf6 12. Nd5 a5 13. Nxf6+ exf6 14. Rc1 Bb7
15. Qc2 Nc6 16. Bb5 Rc8 17. Qe4 Qb6 18. Qf4 Ne7 19. Bd3 Ba6 20. Bxa6 Qxa6 21.
Ng3 Rxc1 22. Rxc1 Rc8 23. Rxc8+ Qxc8 24. h4 Qe6 25. Ne4 Nc8 26. d5 Qe7 27.
Nxf6+ Kg7 28. h5 h6 29. Ng4 Qg5 30. Qd4+ f6 31. hxg6 Ne7 32. f3 Nxd5 33. Qa7+
Kxg6 34. Qxa5 h5 35. Nf2 Qxe3 36. Qxd5 Qe1+ 37. Kh2 Qxf2 38. Qe4+ Kg5 39. Qxb4
d5 40. a5 d4 41. Qe7 Kg6 42. Qe4+ f5 43. Qe6+ Kg5 44. a6 d3 45. Qe7+ Kf4 46.
Qd6+ Ke3 47. Qc5+ Ke2 48. Qxf2+ Kxf2 49. a7 d2 50. a8=Q d1=Q 51. Qa7+ Ke2 52.
Qa6+ Ke3 53. Qe6+ Kf4 54. Qh6+ Ke5 55. Qxh5 Kf6 56. Qh6+ Kf7 57. Qf4 Kg6 58. b4
Qb1 59. Qc4 Qe1 60. b5 Qe3 61. f4 Kh6 62. Qc6+ Kh7 63. Qc7+ Kg6 64. Qe5 Qd3 65.
Qe6+ Kh5 66. Qf6 Qg3+ 67. Kg1 Qe1+ 1/2-1/2

[Event "Porz - Erfurt"]
[Site "BL 0203"]
[Date "2002.12.15"]
[Round "6.5"]
[White "Mueller, Matthias"]
[Black "Gurevich, Mikhail"]
[Result "1/2-1/2"]
[WhiteElo "2403"]
[BlackElo "2634"]
[PlyCount "43"]
[EventDate "2002.??.??"]

1. e4 e6 2. d4 d5 3. Nc3 Nf6 4. e5 Nfd7 5. f4 c5 6. Nf3 Qb6 7. Be3 a6 8. Na4
Qa5+ 9. c3 cxd4 10. b4 Qc7 11. Qxd4 a5 12. b5 b6 13. Be2 Nc5 14. Rc1 Nbd7 15.
O-O Bb7 16. Qd1 Be7 17. Nd4 O-O 18. c4 Nxa4 19. Qxa4 Nc5 20. cxd5 Bxd5 21. Qc2
Rac8 22. Bf3 1/2-1/2

[Event "Porz - Erfurt"]
[Site "BL 0203"]
[Date "2002.12.15"]
[Round "6.6"]
[White "Timman, Jan"]
[Black "Enders, Peter"]
[Result "1/2-1/2"]
[WhiteElo "2594"]
[BlackElo "2524"]
[PlyCount "64"]
[EventDate "2002.??.??"]

1. e4 e5 2. Nf3 Nc6 3. Bb5 a6 4. Ba4 Nf6 5. O-O b5 6. Bb3 Be7 7. d4 d6 8. c3
O-O 9. Nbd2 h6 10. Bc2 Bg4 11. d5 Nb8 12. h3 Bh5 13. a4 c6 14. axb5 cxb5 15.
Re1 Ra7 16. Nf1 Nh7 17. Be3 Rb7 18. Ng3 Bxf3 19. Qxf3 Bg5 20. Nf5 Qf6 21. Bd3
Rd8 22. Rec1 Nf8 23. b4 Kh7 24. Bxg5 Qxg5 25. h4 Qf6 26. Qe3 Ng6 27. g3 Ne7 28.
Nxe7 Qxe7 29. c4 bxc4 30. Rxc4 Rdd7 31. Qd2 Rdc7 32. Rxc7 Qxc7 1/2-1/2

[Event "Porz - Erfurt"]
[Site "BL 0203"]
[Date "2002.12.15"]
[Round "6.7"]
[White "Brueggemann, Joachim"]
[Black "Hansen, Curt"]
[Result "0-1"]
[WhiteElo "2412"]
[BlackElo "2610"]
[PlyCount "82"]
[EventDate "2002.??.??"]

1. e4 e6 2. d4 d5 3. Nc3 Bb4 4. e5 c5 5. a3 Bxc3+ 6. bxc3 Qc7 7. Nf3 Ne7 8. Bd2
Nbc6 9. Bd3 Bd7 10. O-O c4 11. Be2 f6 12. exf6 gxf6 13. Nh4 Ng6 14. Nxg6 hxg6
15. g3 O-O-O 16. h4 Rdg8 17. Kg2 Nd8 18. Rh1 Nf7 19. Bg4 e5 20. Bxd7+ Qxd7 21.
Qf3 Qc6 22. Rab1 e4 23. Qg4+ Kb8 24. a4 Ka8 25. Bf4 Nd8 26. Rb5 Ne6 27. Bd2 f5
28. Qd1 Rh5 29. f4 Rgh8 30. Qc1 R5h7 31. Be3 Nc7 32. Rb4 Na6 33. Rb5 Nc7 34.
Rb4 Ne8 35. Rb5 Nf6 36. Qa3 Ng4 37. Re1 g5 38. fxg5 Nxe3+ 39. Rxe3 f4 40. gxf4
Qe6 41. Rg3 Rxh4 0-1

[Event "Porz - Erfurt"]
[Site "BL 0203"]
[Date "2002.12.15"]
[Round "6.8"]
[White "Kengis, Edwin"]
[Black "Voekler, Bernd"]
[Result "1-0"]
[WhiteElo "2570"]
[BlackElo "2382"]
[PlyCount "57"]
[EventDate "2002.??.??"]

1. d4 Nf6 2. Nf3 g6 3. c4 Bg7 4. g3 O-O 5. Bg2 d6 6. Nc3 Nbd7 7. O-O e5 8. Rb1
Re8 9. dxe5 dxe5 10. b4 h6 11. e4 Nh7 12. Be3 Nhf8 13. Qc1 Kh7 14. Rd1 Ne6 15.
c5 c6 16. Nd2 b5 17. Nb3 Qc7 18. Nd5 Qb8 19. Na5 Nd8 20. Nc3 Qc7 21. Rd6 Nf8
22. Qd2 Bb7 23. Rd1 Nde6 24. f4 Rab8 25. f5 Nd4 26. f6 Bh8 27. Bxd4 exd4 28.
Qxd4 Ne6 29. Qf2 1-0

[Event "Kreuzberg - Hamburg"]
[Site "BL 0203"]
[Date "2002.12.15"]
[Round "6.3"]
[White "Kempinski, Robert"]
[Black "Tischbierek, Raj"]
[Result "1/2-1/2"]
[WhiteElo "2587"]
[BlackElo "2523"]
[PlyCount "84"]
[EventDate "2002.??.??"]

1. d4 Nf6 2. c4 e6 3. Nc3 d5 4. Nf3 Bb4 5. cxd5 exd5 6. Bg5 Nbd7 7. e3 c5 8.
Bd3 Qa5 9. Qc2 c4 10. Bf5 O-O 11. O-O Re8 12. Nd2 g6 13. Bxd7 Nxd7 14. h4 Nb6
15. Nb3 Qa6 16. Nc5 Qa5 17. a4 Bf5 18. e4 dxe4 19. Nxb7 Qa6 20. Nc5 Qc8 21. Qe2
a5 22. N5xe4 Nd7 23. f3 Qc6 24. Qf2 f6 25. Bd2 Bxc3 26. Nxc3 Nb6 27. Rfe1 Nd5
28. Ne4 Nb4 29. Bxb4 axb4 30. d5 Qa6 31. Rac1 Bxe4 32. fxe4 Rac8 33. Qd4 c3 34.
bxc3 Rc4 35. Qd3 Rec8 36. d6 bxc3 37. Qd5+ Kg7 38. e5 Qb6+ 39. Kh2 Qf2 40.
exf6+ Qxf6 41. Kg1 Rxh4 42. a5 Qd4+ 1/2-1/2

[Event "Kreuzberg - Hamburg"]
[Site "BL 0203"]
[Date "2002.12.15"]
[Round "6.4"]
[White "Lau, Ralf"]
[Black "Berg, Emanuel"]
[Result "1/2-1/2"]
[WhiteElo "2491"]
[BlackElo "2516"]
[PlyCount "121"]
[EventDate "2002.??.??"]

1. d4 e6 2. Nf3 Nf6 3. g3 b5 4. Qd3 a6 5. Bg2 Bb7 6. O-O Be7 7. Bg5 Nc6 8. a4
O-O 9. c3 bxa4 10. Rxa4 a5 11. Qc2 Nd5 12. Bxe7 Qxe7 13. e4 Nb6 14. Ra1 Ba6 15.
Re1 a4 16. e5 Bc4 17. Nbd2 Bd5 18. c4 Bxf3 19. Nxf3 Nb4 20. Qc3 c5 21. dxc5
Qxc5 22. Nd2 Rac8 23. Bf1 Nc6 24. Rac1 Rc7 25. b3 Rfc8 26. Re3 Qb4 27. f4 a3
28. Ra1 Ra7 29. Ne4 a2 30. Nd6 Rb8 31. Qxb4 Nxb4 32. Rc3 Ra5 33. Kf2 Nc8 34.
Ne4 Ne7 35. g4 Nec6 36. Ke3 Ra3 37. Be2 Rxb3 38. Rxb3 Nc2+ 39. Kd3 Nxa1 40.
Rxb8+ Nxb8 41. Nc3 Nc6 42. Nxa2 Nb3 43. Bf3 Nc5+ 44. Ke3 Na5 45. Bg2 Na4 46.
Kd4 Kf8 47. Nc1 Nb2 48. c5 Nbc4 49. g5 Ke7 50. h4 f6 51. exf6+ gxf6 52. Ne2 e5+
53. fxe5 Nxe5 54. Nf4 Nac6+ 55. Ke4 fxg5 56. hxg5 Nf7 57. Nd5+ Kf8 58. Nf6
Nxg5+ 59. Kf5 Ne6 60. Nxd7+ Ke7 61. Bxc6 1/2-1/2

[Event "Kreuzberg - Hamburg"]
[Site "BL 0203"]
[Date "2002.12.15"]
[Round "6.6"]
[White "Kalinitschew, Sergey"]
[Black "Wahls, Matthias"]
[Result "1/2-1/2"]
[WhiteElo "2487"]
[BlackElo "2539"]
[PlyCount "52"]
[EventDate "2002.??.??"]

1. g3 c5 2. Bg2 g6 3. c3 d5 4. d4 cxd4 5. cxd4 Bg7 6. Nc3 e6 7. Nf3 Nc6 8. O-O
Nge7 9. b3 O-O 10. e3 b6 11. Ba3 Ba6 12. Re1 Qd7 13. Rc1 Rfc8 14. Qd2 Nf5 15.
Rc2 Rc7 16. Rec1 Rcc8 17. h3 Rab8 18. g4 Nd6 19. Ne1 Bf8 20. Qd1 Ne8 21. Bxf8
Kxf8 22. Nb1 Nd6 23. f3 Nb4 24. Rxc8+ Rxc8 25. Rxc8+ Qxc8 26. Qd2 Nc6 1/2-1/2

[Event "Kreuzberg - Hamburg"]
[Site "BL 0203"]
[Date "2002.12.15"]
[Round "6.7"]
[White "Heinemann, Thies"]
[Black "Volke, Karsten"]
[Result "1/2-1/2"]
[WhiteElo "2437"]
[BlackElo "2450"]
[PlyCount "35"]
[EventDate "2002.??.??"]

1. e4 Nf6 2. e5 Nd5 3. d4 d6 4. Nf3 dxe5 5. Nxe5 c6 6. Nd2 Nd7 7. Nd3 g6 8. Nf3
Bg7 9. Be2 O-O 10. O-O b6 11. Bd2 Bb7 12. Qc1 Re8 13. c4 N5f6 14. Rd1 c5 15.
dxc5 bxc5 16. Bh6 Qc7 17. Bxg7 Kxg7 18. Nd2 1/2-1/2

[Event "Kreuzberg - Hamburg"]
[Site "BL 0203"]
[Date "2002.12.15"]
[Round "6.8"]
[White "Muse, Drazen"]
[Black "Reeh, Oliver"]
[Result "1/2-1/2"]
[WhiteElo "2432"]
[BlackElo "2423"]
[PlyCount "43"]
[EventDate "2002.??.??"]

1. Nf3 Nf6 2. c4 e6 3. Nc3 Bb4 4. g4 Nc6 5. Rg1 d5 6. g5 Ne4 7. Qc2 Nxc3 8.
bxc3 Bd6 9. d4 dxc4 10. h4 Bd7 11. Rb1 Na5 12. e4 c5 13. Be3 Qc7 14. h5 O-O-O
15. e5 Be7 16. Nd2 Kb8 17. Nxc4 cxd4 18. cxd4 Rc8 19. Qb2 Nxc4 20. Bxc4 Bc6 21.
Bd3 g6 22. Ke2 1/2-1/2

[Event "Luebeck - Neukoelln"]
[Site "BL 0203"]
[Date "2002.12.15"]
[Round "6.1"]
[White "Grischuk, Alexander"]
[Black "Brynell, Stellan"]
[Result "1-0"]
[WhiteElo "2702"]
[BlackElo "2508"]
[PlyCount "43"]
[EventDate "2002.??.??"]

1. e4 e6 2. d4 d5 3. Nc3 Nf6 4. Bg5 Be7 5. e5 Nfd7 6. h4 Bxg5 7. hxg5 Qxg5 8.
Qd3 g6 9. Nf3 Qe7 10. O-O-O a6 11. Qe3 c5 12. dxc5 Qxc5 13. Qf4 Nc6 14. Bd3 Qb4
15. Be4 dxe4 16. Nxe4 Rf8 17. a3 Qe7 18. Qe3 Rh8 19. Nfg5 Ndxe5 20. Nxh7 Rxh7
21. Rxh7 Qf8 22. Nf6+ 1-0

[Event "Luebeck - Neukoelln"]
[Site "BL 0203"]
[Date "2002.12.15"]
[Round "6.2"]
[White "Berndt, Stephan"]
[Black "Fressinet, Laurent"]
[Result "0-1"]
[WhiteElo "2482"]
[BlackElo "2619"]
[PlyCount "89"]
[EventDate "2002.??.??"]

1. e4 e5 2. Nf3 Nf6 3. Nxe5 d6 4. Nf3 Nxe4 5. Bd3 Nf6 6. O-O Be7 7. c3 O-O 8.
h3 b6 9. Bc2 Bb7 10. d4 Re8 11. Re1 Nbd7 12. Nbd2 Bf8 13. Rxe8 Qxe8 14. Nf1 g6
15. Ng3 Bg7 16. Bb3 b5 17. Bg5 Nb6 18. Qd3 Qd7 19. Re1 Re8 20. Rxe8+ Qxe8 21.
h4 a5 22. h5 a4 23. Bc2 Ng4 24. hxg6 hxg6 25. Qe2 Qxe2 26. Nxe2 Nf6 27. Bd3 Bc6
28. b3 Kf8 29. c4 bxc4 30. bxc4 Be4 31. Bxe4 Nxe4 32. Bd8 Nxc4 33. Bxc7 Ke7 34.
Bb8 Kd7 35. d5 Nb6 36. Ba7 Nxd5 37. Bd4 Bxd4 38. Nfxd4 Nec3 39. Nxc3 Nxc3 40.
a3 Kc7 41. Kf1 Kb6 42. Ke1 Kc5 43. Nc2 Nb5 44. Kd2 Kc4 45. Ke1 0-1

[Event "Luebeck - Neukoelln"]
[Site "BL 0203"]
[Date "2002.12.15"]
[Round "6.5"]
[White "Hansen, Lars Bo"]
[Black "Poldauf, Dirk"]
[Result "1/2-1/2"]
[WhiteElo "2574"]
[BlackElo "2410"]
[PlyCount "47"]
[EventDate "2002.??.??"]

1. d4 Nf6 2. Nf3 g6 3. Nc3 d5 4. Bf4 Bg7 5. e3 O-O 6. Be2 c5 7. Ne5 cxd4 8.
exd4 Nc6 9. Qd2 Qb6 10. Nxc6 Qxc6 11. Bh6 a6 12. Bxg7 Kxg7 13. f3 b5 14. Nd1 a5
15. a3 Bd7 16. Nf2 Qb6 17. O-O Rfc8 18. c3 b4 19. axb4 axb4 20. Nd3 bxc3 21.
bxc3 Bb5 22. Rxa8 Rxa8 23. Nc5 Bxe2 24. Qxe2 1/2-1/2

[Event "Luebeck - Neukoelln"]
[Site "BL 0203"]
[Date "2002.12.15"]
[Round "6.6"]
[White "Ahlander, Bjoern Mikael"]
[Black "Conquest, Stuart"]
[Result "1/2-1/2"]
[WhiteElo "2419"]
[BlackElo "2542"]
[PlyCount "70"]
[EventDate "2002.??.??"]

1. d4 e6 2. c4 c5 3. d5 exd5 4. cxd5 d6 5. Nc3 g6 6. e4 Bg7 7. f4 a6 8. Nf3 Bg4
9. Bd3 Nd7 10. O-O Ne7 11. Qe1 Bxf3 12. Rxf3 b5 13. e5 O-O 14. e6 c4 15. exf7+
Rxf7 16. Bc2 Nc5 17. Be3 b4 18. Ne2 a5 19. Rd1 b3 20. axb3 cxb3 21. Bb1 Rc8 22.
Bxc5 Rxc5 23. Rxb3 Qc8 24. Nc3 Rc4 25. g3 a4 26. Ra3 Bxc3 27. Rxc3 Rxc3 28.
bxc3 Nf5 29. Bxf5 gxf5 30. Qe3 Rc7 31. Qd4 Rc4 32. Qf6 Rxc3 33. Qg5+ Kf7 34.
Qh5+ Kg7 35. Qg5+ Kf7 1/2-1/2

[Event "Luebeck - Neukoelln"]
[Site "BL 0203"]
[Date "2002.12.15"]
[Round "6.7"]
[White "Hector, Jonny"]
[Black "Thiede, Lars"]
[Result "1-0"]
[WhiteElo "2562"]
[BlackElo "2416"]
[PlyCount "111"]
[EventDate "2002.??.??"]

1. e4 g6 2. d4 Bg7 3. Nc3 d6 4. f4 a6 5. Nf3 Nd7 6. Bd3 c5 7. Be3 b5 8. O-O
cxd4 9. Nxd4 Ngf6 10. a4 bxa4 11. Kh1 Bb7 12. Rxa4 Nc5 13. Rb4 O-O 14. Nb3 a5
15. Rb5 Bc6 16. Nxc5 Bxb5 17. Bxb5 dxc5 18. e5 Qxd1 19. Rxd1 Ng4 20. Bxc5 Rfc8
21. Bd4 Rd8 22. h3 Nh6 23. g4 Rac8 24. Kg2 f6 25. e6 f5 26. Bxg7 Kxg7 27. Rxd8
Rxd8 28. g5 Rd2+ 29. Kf3 Ng8 30. Bd3 Rh2 31. Kg3 Rh1 32. Be2 h6 33. Kg2 Re1 34.
b3 Rc1 35. Bd3 hxg5 36. fxg5 Re1 37. Ne2 Ra1 38. Bb5 Rd1 39. Kf3 Rd6 40. Nf4
Rd2 41. c4 Rc2 42. Ne2 Nf6 43. gxf6+ Kxf6 44. h4 Ke5 45. Ba4 Rd2 46. Nf4 Rd4
47. Nxg6+ Kxe6 48. c5 Kf6 49. h5 e5 50. c6 Rd8 51. Ke3 Rc8 52. Nh4 Rc7 53. Bb5
Rh7 54. Nxf5 Rxh5 55. c7 Rh3+ 56. Kd2 1-0

[Event "Emsdetten - Wattenscheid"]
[Site "BL 0203"]
[Date "2002.12.15"]
[Round "6.1"]
[White "Macieja, Bartlomiej"]
[Black "Nielsen, Peter Heine"]
[Result "1/2-1/2"]
[WhiteElo "2607"]
[BlackElo "2620"]
[PlyCount "58"]
[EventDate "2002.??.??"]

1. e4 e5 2. Nf3 Nc6 3. d4 exd4 4. Nxd4 Bc5 5. Nxc6 Qf6 6. Qd2 dxc6 7. Nc3 Ne7
8. Na4 Bd6 9. f4 Ng6 10. g3 Qe7 11. Bg2 h5 12. Qf2 h4 13. Bd2 Bg4 14. O-O hxg3
15. hxg3 f6 16. Rae1 Qf7 17. e5 fxe5 18. fxe5 Qxf2+ 19. Rxf2 Be7 20. b4 O-O-O
21. Bc3 Be6 22. Be4 Nf8 23. Bf5 Rh5 24. g4 Rh4 25. Rh2 g6 26. Bxe6+ Nxe6 27.
Rxh4 Bxh4 28. Rf1 Be7 29. Kg2 Rh8 1/2-1/2

[Event "Emsdetten - Wattenscheid"]
[Site "BL 0203"]
[Date "2002.12.15"]
[Round "6.2"]
[White "Tiviakov, Sergei"]
[Black "De Vreugt, Dennis"]
[Result "1-0"]
[WhiteElo "2631"]
[BlackElo "2477"]
[PlyCount "81"]
[EventDate "2002.??.??"]

1. e4 c5 2. Nf3 Nc6 3. d4 cxd4 4. Nxd4 Nf6 5. Nc3 e5 6. Ndb5 d6 7. Bg5 a6 8.
Na3 b5 9. Nd5 Be7 10. Bxf6 Bxf6 11. c3 O-O 12. Nc2 Rb8 13. Be2 Bg5 14. Qd3 a5
15. Rd1 Be6 16. O-O Ne7 17. Nce3 Bxe3 18. Nxe3 Rb6 19. Rd2 b4 20. c4 Qc7 21. b3
g6 22. Bg4 Qc5 23. Bxe6 fxe6 24. Nd1 Rd8 25. Nb2 Rbb8 26. Qh3 Qc8 27. Rfd1 Nc6
28. Rxd6 Rxd6 29. Rxd6 Nd4 30. Nd3 Qc7 31. c5 Rd8 32. Rxd8+ Qxd8 33. Qg4 Qc7
34. h4 Kg7 35. h5 Kf6 36. hxg6 hxg6 37. Qh4+ Kg7 38. Qg5 Nc6 39. g3 Qd7 40.
Nxe5 Qd1+ 41. Kg2 1-0

[Event "Emsdetten - Wattenscheid"]
[Site "BL 0203"]
[Date "2002.12.15"]
[Round "6.3"]
[White "Johannessen, Leif Erlend"]
[Black "Berelovich, Alexander"]
[Result "1/2-1/2"]
[WhiteElo "2525"]
[BlackElo "2541"]
[PlyCount "81"]
[EventDate "2002.??.??"]

1. d4 e6 2. c4 f5 3. g3 Nf6 4. Bg2 Bb4+ 5. Bd2 Bxd2+ 6. Qxd2 O-O 7. Nc3 d6 8.
Nf3 Nc6 9. Rd1 Qe7 10. d5 Ne5 11. Nxe5 dxe5 12. d6 cxd6 13. Qxd6 Qxd6 14. Rxd6
Kf7 15. O-O Ke7 16. Rfd1 e4 17. f3 exf3 18. Bxf3 Rb8 19. c5 Bd7 20. b4 Rfc8 21.
R1d3 Rc7 22. a3 Re8 23. e4 fxe4 24. Nxe4 Nxe4 25. Bxe4 h6 26. h4 Rf8 27. Kg2
Rf6 28. Rd2 Rf8 29. Kg1 Rf6 30. Kg2 Rf8 31. Bxb7 Rxb7 32. c6 Bxc6+ 33. Rxc6 Rf6
34. Re2 Rd7 35. Ra6 Kf7 36. h5 Rf5 37. Rf2 Kf6 38. Re2 Rxh5 39. Rexe6+ Kf7 40.
Red6 Re7 41. Rd4 1/2-1/2

[Event "Emsdetten - Wattenscheid"]
[Site "BL 0203"]
[Date "2002.12.15"]
[Round "6.4"]
[White "Pedersen, Nicolai V"]
[Black "Appel, Ralf"]
[Result "1/2-1/2"]
[WhiteElo "2495"]
[BlackElo "2503"]
[PlyCount "108"]
[EventDate "2002.??.??"]

1. e4 Nf6 2. e5 Nd5 3. d4 d6 4. c4 Nb6 5. exd6 exd6 6. Nc3 Be7 7. Be2 O-O 8.
Nf3 Bf5 9. O-O Bf6 10. b3 Nc6 11. Be3 d5 12. c5 Nc8 13. Qd2 h6 14. h3 Be6 15.
Ne1 N8e7 16. g4 g5 17. f4 gxf4 18. Rxf4 Ng6 19. Rf2 Bh4 20. Rh2 Bg5 21. Nf3
Bxe3+ 22. Qxe3 Qf6 23. Qxh6 Nxd4 24. Rf1 Nxf3+ 25. Rxf3 Qg7 26. Qxg7+ Kxg7 27.
Nb5 c6 28. Nd4 Rae8 29. Rhf2 Bd7 30. Rg3 Nh4 31. Bd3 Re1+ 32. Rf1 Rfe8 33. Kf2
R1e7 34. Nf3 Ng6 35. Bxg6 fxg6 36. Re1 Re4 37. Rxe4 Rxe4 38. Ng5 Re5 39. Re3
Rxe3 40. Kxe3 Kf6 41. Kf4 b6 42. b4 bxc5 43. bxc5 d4 44. a3 d3 45. Nf3 Be6 46.
g5+ Ke7 47. Ke3 Bxh3 48. Ne5 Ke6 49. Nxc6 Kd5 50. Nb4+ Kxc5 51. Nxd3+ Kb5 52.
Nb2 Bf5 53. Kd4 a5 54. Kc3 Be6 1/2-1/2

[Event "Emsdetten - Wattenscheid"]
[Site "BL 0203"]
[Date "2002.12.15"]
[Round "6.5"]
[White "Handke, Florian"]
[Black "Olsen, Boe Mads"]
[Result "0-1"]
[WhiteElo "2471"]
[BlackElo "2390"]
[PlyCount "83"]
[EventDate "2002.??.??"]

1. e4 d6 2. d4 Nf6 3. Bd3 e5 4. c3 Nc6 5. Nf3 Bg4 6. d5 Nb8 7. h3 Bh5 8. c4 Be7
9. Nc3 h6 10. g4 Bg6 11. Be3 Nbd7 12. Qa4 Kf8 13. Ke2 Qc8 14. Rac1 Nh7 15. Qc2
b6 16. b4 Kg8 17. c5 dxc5 18. bxc5 Bxc5 19. Bxc5 Nxc5 20. Nxe5 Nf8 21. Nc6 Qe8
22. f3 a6 23. Qd2 f6 24. Bc4 Bf7 25. Qf4 Qd7 26. Kf1 Re8 27. Ne2 Ng6 28. Qg3
Ne5 29. Ned4 Qd6 30. Kg2 Bg6 31. Nf5 Bxf5 32. gxf5 Kf8 33. Nd4 Re7 34. Ne6+
Nxe6 35. fxe6 Qb4 36. Be2 Qd2 37. Qf2 Qg5+ 38. Kf1 Qxc1+ 39. Kg2 Qg5+ 40. Kf1
Qc1+ 41. Kg2 Qf4 42. Ra1 {Zuege danach nicht nachspielbar, gesamt 51 Zuege} 0-1

[Event "Emsdetten - Wattenscheid"]
[Site "BL 0203"]
[Date "2002.12.15"]
[Round "6.6"]
[White "Peng, Zhao Qin"]
[Black "Hall, Jesper"]
[Result "0-1"]
[WhiteElo "2454"]
[BlackElo "2489"]
[PlyCount "124"]
[EventDate "2002.??.??"]

1. d4 Nf6 2. c4 e6 3. Nf3 c5 4. e3 d5 5. Nc3 Nc6 6. a3 a6 7. b3 Be7 8. Be2 O-O
9. O-O b6 10. Bb2 Bb7 11. dxc5 bxc5 12. cxd5 exd5 13. Na4 Ne4 14. Rc1 Rc8 15.
Nd2 Nxd2 16. Qxd2 Na5 17. Qc3 d4 18. exd4 cxd4 19. Qh3 Rxc1 20. Rxc1 Bd5 21. b4
Nb3 22. Rd1 a5 23. Bd3 g6 24. Bc2 Qc8 25. Qd3 Qe6 26. bxa5 Bc4 27. Bxb3 Bxb3
28. Rc1 Rd8 29. Nb6 Bf6 30. g3 h5 31. h4 Ba2 32. a4 Kh7 33. Qd2 Bb3 34. Qd3 Ba2
35. Qd2 Bb3 36. Re1 Qc6 37. Rc1 Qe6 38. Re1 Qc6 39. Rc1 Qe6 40. Qd3 Ba2 41. Ra1
Bb3 42. Ba3 Bc2 43. Qd2 d3 44. Rc1 Re8 45. Bb4 Qg4 46. Nd5 Bd4 47. Qf4 Qxf4 48.
Nxf4 Bb2 49. Re1 Rxe1+ 50. Bxe1 Bc1 51. a6 d2 52. Bxd2 Bxd2 53. Nd5 Bxa4 54. a7
Bc6 55. Nc7 Ba5 56. a8=Q Bxa8 57. Nxa8 Kg7 58. Kg2 Kf6 59. Kf3 Kf5 60. Kg2 Ke4
61. f3+ Ke3 62. g4 f5 0-1

[Event "Emsdetten - Wattenscheid"]
[Site "BL 0203"]
[Date "2002.12.15"]
[Round "6.7"]
[White "Holzke, Frank"]
[Black "Zumsande, Martin"]
[Result "1/2-1/2"]
[WhiteElo "2479"]
[BlackElo "2374"]
[PlyCount "94"]
[EventDate "2002.??.??"]

1. e4 e6 2. d4 d5 3. Nd2 Nf6 4. e5 Nfd7 5. Bd3 c5 6. c3 Nc6 7. Ne2 cxd4 8. cxd4
f6 9. exf6 Qxf6 10. Nf3 h6 11. O-O Bd6 12. Be3 O-O 13. Bc2 Rf7 14. Qd2 Nf8 15.
a3 Bd7 16. Ng5 Re7 17. f4 Be8 18. f5 hxg5 19. Bxg5 Qf7 20. f6 Rc7 21. fxg7 Qxg7
22. Bh6 Qg4 23. Rf3 Bg6 24. Bf4 Bxf4 25. Nxf4 Ne5 26. Rg3 Rxc2 27. Rxg4 Rxd2
28. dxe5 Kh7 29. Rc1 Rc2 30. Rf1 Bf5 31. Rh4+ Kg8 32. Nxd5 exd5 33. Rxf5 Rc7
34. e6 Nxe6 35. Rg4+ Rg7 36. Rxg7+ Kxg7 37. Rxd5 Rf8 38. Rd7+ Rf7 39. Rxf7+
Kxf7 40. Kf2 Nc5 41. Ke3 Ke6 42. h4 Ke5 43. h5 Ne6 44. h6 Ng5 45. Kd3 Kd5 46.
Ke3 Ke5 47. Kd3 Kd5 1/2-1/2

[Event "Emsdetten - Wattenscheid"]
[Site "BL 0203"]
[Date "2002.12.15"]
[Round "6.8"]
[White "Richter, Christian"]
[Black "Ellers, Holger"]
[Result "1/2-1/2"]
[WhiteElo "2333"]
[BlackElo "2425"]
[PlyCount "117"]
[EventDate "2002.??.??"]

1. d4 Nf6 2. c4 c5 3. Nf3 g6 4. Nc3 cxd4 5. Nxd4 Nc6 6. e4 d6 7. Be2 Bg7 8. Be3
O-O 9. f3 Nxd4 10. Bxd4 Nd7 11. Be3 Nc5 12. Qd2 Be6 13. O-O a5 14. b3 Qb6 15.
Rab1 Rfc8 16. Rfc1 Qd8 17. Bd1 h5 18. Nd5 Bxd5 19. exd5 Kh7 20. a3 b6 21. Bc2
Qh8 22. b4 axb4 23. axb4 Nd7 24. f4 f5 25. Bd3 Ra3 26. Kh1 Rca8 27. Qe2 Ra2 28.
Rc2 Ra1 29. Rbc1 Qf8 30. h3 Qf6 31. Kh2 R8a3 32. Rxa1 Rxa1 33. Bc1 Qd4 34. Be3
Qf6 35. Ra2 Rxa2 36. Qxa2 Qc3 37. Qe2 Nf6 38. Bxb6 Qxb4 39. Bd8 Ng8 40. g4 hxg4
41. hxg4 fxg4 42. Qe4 Qd2+ 43. Kg3 Nf6 44. Qxg6+ Kg8 45. Bb6 Qd1 46. Bd4 Qf3+
47. Kh4 Qh3+ 48. Kg5 g3 49. Bf5 Nh7+ 50. Qxh7+ Qxh7 51. Bxh7+ Kxh7 52. Be3 Bc3
53. Kg4 Be1 54. Kf3 Kg6 55. c5 dxc5 56. Bxc5 Kf6 57. Bd4+ Kf5 58. Bc5 Bd2 59.
Bxe7 1/2-1/2